LDR 00929naa#a2200205#i#450# 001 RU\\bibl\105484 005 20260416073200.4 011 ## _a2308-4057 100 ## _a20260325b2026####ek#y0rusy0150####ca 101 0# _aENG 102 ## _aRU 200 1# _aDeveloping composite films from carboxymethyl starch, polyvinyl alcohol, and kaolin for sustainable packaging applications _eЖурнальная статья 210 1# _aКемерово _cКемеровский государственный университет _d2026 215 ## _a12 с. 608 ## _aЖурнальная статья _2local 675 ## _aХимическая технология. Химическая промышленность. Пищевая промышленность. Металлургия. Родственные отрасли. 66 _zENG 700 #1 _aOmoike _gBright A. 700 #1 _aOkieimen _gFelix E. 700 #1 _aImoisi _gChinyere 856 4# _azh-szf.ru _u